| 000 | 00695nam a2200229 4500 | ||
|---|---|---|---|
| 003 | OSt | ||
| 005 | 20240604055005.0 | ||
| 006 | a | ||
| 008 | 240604b |||||||| |||| 00| 0 eng d | ||
| 020 | _a9789710070206 | ||
| 040 |
_aDWCL-Main. lib _cOC |
||
| 082 | _aFil. 332.63 S211m 2013 | ||
| 100 | _aSanchez, Bo | ||
| 245 | _aMy maid invests in the stock market...and why you should too! : because everyone ought to be rich / | ||
| 260 |
_aQuezon City, Phils. : _bShepherd’s Voice Publications, _c c2013. |
||
| 300 |
_b80 pages ; _c19 cm. |
||
| 650 | _a1. Investments. | ||
| 650 | _a2. Finance, Personal. | ||
| 650 | _a3. Stocks. | ||
| 700 | _aBo Sanchez | ||
| 942 |
_2ddc _n0 _cBK - FIL _kFil. |
||
| 999 |
_c119 _d119 |
||